🎶 Paroles "Le petit pont de bois" Yves Duteil - Statistiques

Statistiques générales
  • Ce quiz a Ă©tĂ© pris 61 fois
  • Le rĂ©sultat moyen est 166 sur 203
Statistiques - réponses
Mots % Correct
bois
100%
d'
100%
de
100%
De
100%
l'
100%
Le
100%
petit
100%
pont
100%
Ă 
97%
Et
97%
j'
97%
Mais
97%
on
97%
du
93%
je
93%
la
93%
lĂ 
93%
plus
93%
Qu'
93%
Qui
93%
Tu
93%
tu
93%
un
93%
Un
93%
ai
90%
Mais
90%
ne
90%
par
90%
souviens
90%
te
90%
des
87%
naguère
87%
ou
87%
Que
87%
rivière
87%
Tout
87%
tout
87%
traversait
87%
Au
83%
grand
83%
Pour
83%
Son
83%
ce
80%
deux
80%
en
80%
il
80%
mystère
80%
tenait
80%
une
80%
dans
77%
Elle
77%
guère
77%
passer
77%
Si
77%
droits
73%
maison
73%
piquets
73%
près
73%
an
70%
fois
70%
rondins
70%
verras
70%
air
67%
autrefois
67%
Car
67%
Puis
67%
recouvert
67%
rendre
67%
vert
67%
vieil
67%
suis
63%
pierre
60%
reviens
60%
cours
57%
depuis
57%
fier
57%
imaginaire
57%
temps
57%
coin
53%
fougères
53%
pleut
53%
refait
53%
suit
53%
terre
53%
bizarre
50%
Enjambe
50%
milieu
50%
nénuphar
50%
aller
47%
pourtant
47%
nulle
23%
part
23%
Aucun quiz correspondant
Distribution des résultats
% des personnes avec chaque résultat
Percentile par nombre de réponses
Votre historique - résultats
Vous n’avez pas pris ce quiz